| 000 | 00585nam a2200181 a 4500 | ||
|---|---|---|---|
| 005 | 20260415064229.0 | ||
| 008 | 160502s1997 mx r 000 0 spa d | ||
| 020 | _a9701808460 | ||
| 035 | _aUPN01000210012 | ||
| 049 | _aF | ||
| 050 | 4 |
_aLB1139.23 _bE9.2 |
|
| 245 | 0 | 3 | _aLa evaluación en la modalidad no escolarizada de educación inicial. |
| 260 |
_aMéxico : _bSEP, _c1997. |
||
| 440 | 0 |
_aNuestro quehacer. _pEducación inicial para niñas y niños indígenas ; _v4 |
|
| 650 | 4 |
_aEducación de la primera infancia _96933 |
|
| 650 | 4 |
_aEvaluación educativa _94298 |
|
| 905 | _aLibro | ||
| 999 |
_c182113 _d182113 |
||